Star Wars Quiz-Difficultée moyenne - Statistiques

Statistiques générales
  • Ce quiz a été pris 60 fois
  • Le résultat moyen est 7 sur 15
Statistiques - réponses
Description Réponse % Correct
Jedi de la deuxième trilogie qui avait un sabre laser violet Mace Windu
98%
Seigneur du crime de Tatooine, ennemi de Han Solo dans la 1ere Trilogie qui fut tué par Leia. Jabba
85%
Petites particules dans le sang qui mesurent la connexion d’une personne à la Force. Midi-chlorien
70%
Général du Premier Ordre qui à trahit son camp par haine contre Kylo Ren Armitage Hux
66%
Planète ou maitre Yoda s'est retiré et ou Luke l'a rencontré Dagobah
62%
Arme classique des soldats ou des héros Blaster
57%
Lune forestière ou vivent les Ewoks et où la Rébellion à combattu l’Empire Endor
53%
Courageuse ingénieure et membre de la Résistance qui est très proche de Finn Rose Tico
53%
Planète désertique ou Rey était pilleuse d'épave et où elle a rencontré Finn Jakku
40%
Matériau utilisé pour congeler Han Solo dans l'Empire contre-attaque Carbonite
34%
Planète glacée avec du sel blanc et du sable rouge où a Luke affronté Kylo Ren. Crait
30%
Planète ou Luke s'est retiré après le passage de Ben Solo du coté obscur Ahch-To
21%
Servante de Padmé qui prend son identité pour la protéger Cordé
11%
Ville flottante où Lando vit sur Bespin Cloud City
6%
Objet triangulaire que Rey utilise pour trouver l’Empereur dont 1 fut détruit par Kylo Ren Sith Wayfinder
4%
Aucun quiz correspondant
Distribution des résultats
% des personnes avec chaque résultat
Percentile par nombre de réponses
Votre historique - résultats
Vous n’avez pas pris ce quiz